Visualizzazione normale
Vista MARC
- Foglietti Mario
di Personal Name
Records bibliografici associati: 1
001 - CONTROL NUMBER
- control field: 54610
003 - CONTROL NUMBER IDENTIFIER
- control field: IT-RoPau
005 - DATE AND TIME OF LATEST TRANSACTION
- control field: 20151203213150.0
008 - FIXED-LENGTH DATA ELEMENTS
- fixed length control field: 151203|| aca||aabn | a|a d
040 ## - CATALOGING SOURCE
- Original cataloging agency: IT-RoPau
- Transcribing agency: IT-RoPau
100 ## - HEADING--PERSONAL NAME
- Personal name: Foglietti Mario
- Miscellaneous information: Codice regista SPICS: 35355
670 ## - SOURCE DATA FOUND
- Source citation: Work cat.: (IT-RoPau)108125: Foglietti Mario Codice regista SPICS: 35355, PARIS-CLAIR PARIS-CLAIR (Rif. Codice opera principale : 21744)